el grito manso (Record no. 1429)
[ view plain ]
| 000 -LEADER | |
|---|---|
| campo de control de longitud fija | 00721nam a2200145 4500 |
| 008 - DATOS DE LONGITUD FIJA--INFORMACIÓN GENERAL | |
| campo de control de longitud fija | 370.1 F866g |
| 020 ## - NÚMERO INTERNACIONAL ESTÁNDAR DEL LIBRO | |
| Número Internacional Estándar del Libro | 9786070301582 |
| 082 ## - NÚMERO DE LA CLASIFICACIÓN DECIMAL DEWEY | |
| Número de clasificación | 370.1 |
| Número de ítem | F866g |
| 100 ## - ENTRADA PRINCIPAL--NOMBRE DE PERSONA | |
| Nombre de persona | Freire, Paulo |
| 9 (RLIN) | 6237 |
| 245 ## - MENCIÓN DEL TÍTULO | |
| Título | el grito manso |
| 260 ## - PUBLICACIÓN, DISTRIBUCIÓN, ETC. | |
| Lugar de publicación, distribución, etc. | México |
| Nombre del editor, distribuidor, etc. | Siglo XXI |
| Fecha de publicación, distribución, etc. | 2010 |
| 300 ## - DESCRIPCIÓN FÍSICA | |
| Extensión | 112 p. |
| Otras características físicas | ill |
| Dimensiones | 21 x 13,5 cm |
| 505 ## - NOTA DE CONTENIDO CON FORMATO | |
| Título | Prefacio |
| -- | Palabras preliminares: La construcción de la propia existencia, por Orlando Balbo y Augusto Bianco |
| -- | 1. Feliz y desafiado |
| -- | 2. Práctica de la pedagogía crítica |
| -- | 3. Elementos de la situación educativa |
| -- | 4. La lucha no se acaba, se reinventa |
| -- | 5. La confrontación no es pedagógica sino política |
| -- | Apéndices |
| 650 ## - PUNTO DE ACCESO ADICIONAL DE MATERIA--TÉRMINO DE MATERIA | |
| Subdivisión general | Educación |
| -- | filosofía de la educación |
| -- | pedagogía |
| -- | teoría de la educación |
| 9 (RLIN) | 6246 |
| Estatus retirado | Estado de pérdida | Fuente del sistema de clasificación o colocación | Estado de daño | No para préstamo | Biblioteca de origen | Biblioteca actual | Ubicación en estantería | Fecha de adquisición | Total de préstamos | Signatura topográfica completa | Código de barras | Visto por última vez | Precio de reemplazo | Tipo de ítem Koha |
|---|---|---|---|---|---|---|---|---|---|---|---|---|---|---|
| Clasificación Decimal Dewey | Biblioteca LadoV | Biblioteca LadoV | 28/04/2018 | 370.1 F866g | 004579 | 28/04/2018 | 28/04/2018 | Material 01 |
